000 00339nam a2200145 i 4500
001 bg
100 1 _aMELFESSEL, R.
245 0 _aMagnitnye poluprowodniki /
_cR. Melfessel, D. Mattis.
260 _aMoskwa,
_c1972.
700 1 _aMATTIS, D.
040 _cBPK
041 _apol
942 _cKS
008 s pl f |000 0 pol
999 _c14363
_d14363
856 _uhttp://koha.tu.koszalin.pl/cgi-bin/koha/opac-detail.pl?biblionumber=14363
_yKatalog online BPK